| 000 | 00378nam a2200157Ia 4500 | ||
|---|---|---|---|
| 008 | 230524s9999 xx 000 0 und d | ||
| 082 |
_a4 _bSUD |
||
| 100 |
_aR.S.Salaria _925474 |
||
| 245 | 0 | _a"Applications Programming in C, " | |
| 250 | _aIST | ||
| 260 |
_aNEW DELHI _bKhanna _c2002 |
||
| 300 | _aXV;473 | ||
| 500 | _aQuantity Number: 1 | ||
| 650 | _aComp-Sc | ||
| 942 | _cBK | ||
| 999 |
_c37500 _d37500 |
||